Logos: Music Companies - Record Labels #2 (Picture Quiz) - Statistics

General Stats
  • This quiz has been taken 49 times
  • The average score is 11 of 20
Answer Stats
Picture Answer % Correct
Atlantic
88%
Def Jam
81%
Fontana
81%
London
81%
Parlophone
74%
Sun
72%
Trojan
65%
Mercury
60%
Elektra
56%
Casablanca
51%
Charisma
49%
Stax
49%
Deutsche Grammophon
42%
Sub Pop
40%
NEMS
37%
Ariola
35%
DJM
30%
Naxos
30%
Tommy Boy
23%
Verve
23%
No matching quizzes found
Score Distribution
Percent of People with Each Score
Percentile by Number Answered
Your Score History
You have not taken this quiz